El cazador de cuentos
Saved in:
| Main Author: | |
|---|---|
| Format: | Book |
| Language: | Spanish |
| Published: |
Santiago
Andrés Bello
1991
|
| Subjects: | |
| Tags: |
Add Tag
No Tags, Be the first to tag this record!
|
MARC
| LEADER | 00000nam a2200000 a 4500 | ||
|---|---|---|---|
| 001 | UCW6982 | ||
| 003 | CL-VaPUC | ||
| 008 | 920803e19910000CL |||||||||||||||||spa|d | ||
| 082 | 0 | 4 | |a Ch863 |b SCH |2 21 |
| 100 | 0 | |a Schkolnik, Saul |e author |9 312081 | |
| 245 | 1 | 3 | |a El cazador de cuentos |
| 300 | |a 97 p | ||
| 942 | |c BK | ||
| 945 | |d 19920803 00:00:00 |a oaravena | ||
| 260 | |a Santiago |b Andrés Bello |c 1991 | ||
| 650 | 0 | |a Cuentos chilenos |9 308280 | |
| 583 | |a last modification |c 19920803 00:00:00 |k Rodrigo Vera | ||
| 999 | |c 219875 |d 219873 | ||
| 952 | |0 0 |1 0 |4 0 |6 CH_863_000000000000000_SCH_1991 |7 0 |8 A |9 211358 |a BIBEDU |b BIBEDU |d 2019-11-15 |i 279554K |o Ch863 SCH 1991 |p 279554K |r 2019-11-15 |w 2019-11-15 |y BK |k EDU | ||
| 952 | |0 0 |1 0 |4 0 |6 CH_863_000000000000000_SCH_1991 |7 0 |8 A |9 211359 |a BIBEDU |b BIBEDU |d 2019-11-15 |i 3005747 |o Ch863 SCH 1991 |p 3005747 |r 2019-11-15 |w 2019-11-15 |y BK |k EPE | ||